Nueva en su ardor, nueva en sus métodos
Saved in:
| Main Author: | |
|---|---|
| Format: | Book |
| Language: | Spanish |
| Published: |
Santiago
Arzobispo de Santiago
1989
|
| Series: | Documentos para la nueva evangelización, 5
|
| Subjects: | |
| Tags: |
Add Tag
No Tags, Be the first to tag this record!
|
MARC
| LEADER | 00000nam a2200000 a 4500 | ||
|---|---|---|---|
| 001 | UCX1471 | ||
| 003 | CL-VaPUC | ||
| 008 | 900828e19890000CL |||||||||||||||||spa|d | ||
| 082 | 0 | 4 | |a 253.7 |b JUA |2 21 |
| 100 | |a Juan Pablo II |e author |9 309920 | ||
| 245 | 1 | 0 | |a Nueva en su ardor, nueva en sus métodos |
| 300 | |a 30 p | ||
| 942 | |c BK | ||
| 945 | |d 19900828 00:00:00 | ||
| 260 | |a Santiago |b Arzobispo de Santiago |c 1989 | ||
| 650 | 7 | |a EVANGELIZACION |2 CL-VaPUC |9 316972 | |
| 583 | |a last modification |c 19900828 00:00:00 |k Rodrigo Vera | ||
| 490 | 0 | |a Documentos para la nueva evangelización, 5 | |
| 999 | |c 222694 |d 222692 | ||
| 952 | |0 0 |1 0 |4 0 |6 253_700000000000000_JUA_1989 |7 0 |8 A |9 217803 |a BIBTEO |b BIBTEO |d 2019-11-15 |i 2866587 |o 253.7 JUA 1989 |p 2866587 |r 2025-01-17 |w 2019-11-15 |y BK |k ICR | ||